Cena, ktorú platíme za transformáciu

Analýza ekonomického vývoja SR za prvých päť rokov po revolúcii. Vývoj hrubého domáceho produktu a hospodárska dynamika. Dosah transformácie na obyvateľstvo. Pokles životnej úrovne.

Gespeichert in:
Bibliographische Detailangaben
1. Verfasser: Krč, R.
Format: Buchkapitel
Sprache:Slowakisch
Schlagworte:
Tags: Tag hinzufügen
Keine Tags, Fügen Sie das erste Tag hinzu!

MARC

LEADER 00000naa a2200000 4500
001 r023323
005 20230824085505.5
041 0 |a slo 
044 |a SK 
245 1 0 |a Cena, ktorú platíme za transformáciu  |c R. Krč 
520 |a Analýza ekonomického vývoja SR za prvých päť rokov po revolúcii. Vývoj hrubého domáceho produktu a hospodárska dynamika. Dosah transformácie na obyvateľstvo. Pokles životnej úrovne. 
610 2 0 |a Slovensko 
610 2 0 |a 1989-1996 
610 2 0 |a transformácia 
610 2 0 |a rast hospodársky 
610 2 0 |a produkt domáci hrubý 
610 2 0 |a dynamika ekonomiky 
610 2 0 |a úroveň životná 
100 1 |a Krč, R.